000 00523nam a2200181Ia 4500
005 20250326124110.0
008 250326s9999 xx 000 0 und d
037 _aTextbook
040 _aFMSL
_beng
_cFMSL
041 _aeng
_2eng
084 _aX:5p1N63 L0
_qFMSL
100 _aHarrod R
_9736553
245 0 _aInternational trade theory in a developing world
_cHarrod R; Hague D
260 _aLondon
_bLondon, Macmillan
_c1970
300 _a571p
942 _cTB
_hX:5p1N63 L0
999 _c1272273
_d1272273